Responses for Show #3463 - Wednesday, September 29, 1999

Steve Fried game 3.

Contestants

[<< previous game]

Jarma Jacobs, a student from Seattle, Washington

Sam Varnado, a railroad chef from Riverdale, Illinois

Steve Fried, an airline and cruise scheduler from Phoenix, Arizona (whose 2-day cash winnings total $15,900)

[next game >>]

Jeopardy! Round responses

YOU'LL FIND IT IN SHAKESPEARE
THE WINTER'S TALE
AS "U" LIKE IT
JULIUS CAESAR
LOVE'S LABOUR'S LOST
MUCH ADO ABOUT NUTTING
    $100 26
(Alex: And we have less than a minute to complete the round.)

Shylock

Triple Stumper
    $100 8
Alaska

Jarma
    $100 1
Umbilical cord

Steve
    $100 6
Rubicon

Jarma
    $100 13
King Kong

Sam
    $100 18
Pistachios

Jarma
    $200 27
King Lear

Steve
    $200 9
December 21 or 22

Steve
    $200 2
Uruguay

Jarma
    $200 7
"And you, Brutus?"

Steve
    $200 14
Sleepless In Seattle

Steve
    $200 20
Pecans

Jarma
    $300 28
The Taming of the Shrew

Steve
    $300 10
Wheat

Steve
    $300 3
Ulna

Sam
    $300 16
Great Britain

Jarma
    $300 15
The English Patient

Jarma
    $300 21
"(Chestnuts) roasting on an open fire..."

Jarma
    $600 29
Montague

Steve
    $400 11
Lord Byron

Triple Stumper
    $400 4
Ulster

Jarma
    $400 17
Calpurnia, Cornelia & Pompeia

Steve
    $400 23
Oliver's Story

Jarma
    $400 22
Brazil nuts

Sam
    $500 30
Elsinore/Helsingor

Triple Stumper
    $500 12
(Steve: What is a spider?)

Caterpillar

SteveSam
    $500 5
(Steve: What is uberman?)

Ubermensch

Steve
Triple Stumper
    $500 19
Octavian/Octavius

Jarma
    $500 24
Dr. Phibes

Sam
    $500 25
Black walnut

Steve

Scores at the first commercial break (after clue 15):

Steve Sam Jarma
$0 $900 $1,100

Scores at the end of the Jeopardy! Round:

Steve Sam Jarma
$2,000 $1,800 $2,900

Double Jeopardy! Round responses

SCIENCE & NATURE
SONGS OF THE '60s
THE MIDDLE EAST
WE'LL GET YOU IN SHAPE
WOMEN OF THE WORLD
ABBREVIATIONS
    $200 1
Trachea

Jarma
    $200 6
"King of the Road"

Steve
    $200 26
Jordan

Steve
    $200 15
Royal Canadian Air Force

Sam
    $200 7
Asia

Steve
    $200 21
(Steve: What is the American Broadcasting Corporation?)

American Broadcasting Company

SteveSam
    $400 2
Respiration

Triple Stumper
    $400 12
(Alex: And I'm glad they did!)

"Sukiyaki"

Jarma
    $400 27
Syria

Steve
    $400 16
Rolfing

Steve
    $400 8
Maria Callas

Steve
    $400 22
American Football Conference

Sam
    $1,000 3
(Jarma: What is a kangaroo?)

the duck-billed platypus

Jarma
    $600 13
"Scarborough Fair"

Steve
    $600 28
the Tigris & the Euphrates

Steve
    $600 17
(Sam: What is resistance?)

Tension

Sam
Triple Stumper
    $600 9
Edinburgh

Steve
    $600 23
(Alex: Minute to go.)

American Federation of Teachers

Steve
    $800 4
Asteroid

Steve
    $800 14
(Sam: What are heartbreaks?)

"Rainy Day Women"

Sam
Triple Stumper
    $800 29
Cyprus

Steve
    $800 18
Outward Bound

Steve
    $800 10
(Jarma: Who is Ingrid Bergman?)
(Sam: Who is Anita Ekberg?)

Liv Ullmann

SteveSamJarma
    $2,300 24
attention deficit disorder

Steve
    $1000 5
Laser

Jarma
    $1000 20
The Troggs

Jarma
    $1000 30
Egypt

Triple Stumper
    $1000 19
Pilates

Jarma
    $1000 11
Iman

Sam
    $1000 25
artificial intelligence

Triple Stumper

Scores at the end of the Double Jeopardy! Round:

Steve Sam Jarma
$11,500 $1,400 $4,700
(lock game)

[wagering suggestions for these scores]

Final Jeopardy! Round responses

MAGAZINES
SamWho are?
$1,399
JarmaWho are
$4,700
SteveWho are Travelers?
$2,000
Brides (who are planning a June wedding)

Final scores:

Steve Sam Jarma
$9,500 $1 $0
3-day champion: $25,400 2nd place: Trip to Sea World, Orlando, Florida 3rd place: eToys.com Shopping Spree

Game dynamics:

Coryat scores:

Steve Sam Jarma
$9,800 $1,400 $5,700
25 R
(including 2 DDs),
3 W
9 R,
3 W
16 R,
2 W
(including 1 DD)

Combined Coryat: $16,900

[game clues] [game scores] [suggest correction]

Game tape date: 1999-07-21
The J! Archive is created by fans, for fans. Scraping, republication, monetization, and malicious use prohibited; this site may use cookies and collect identifying information. See terms. The Jeopardy! game show and all elements thereof, including but not limited to copyright and trademark thereto, are the property of Jeopardy Productions, Inc. and are protected under law. This website is not affiliated with, sponsored by, or operated by Jeopardy Productions, Inc. Join the discussion at JBoard.tv.